Sister Cities of Greenland - Statistics

General Stats
  • This quiz has been taken 9 times
  • The average score is 4 of 15
Answer Stats
Greenlandic Municipality Country Sister City % Correct
Sermersooq Aalborg
78%
Avannaata – Upernavik Odense
56%
Qeqqata Iqaluit
44%
Qeqqata Esbjerg
33%
Qeqqata Frederikshavn
33%
Sermersooq Kópavogur
33%
Avannaata – Ilulissat Hafnarfjörður
22%
Qeqqata Klaksvík
22%
Qeqqata Fjarðabyggð
11%
Avannaata – Ilulissat Fredericia
11%
Avannaata – Ilulissat Fuglafjørður
11%
Sermersooq Gentofte
11%
Qeqertalik Saint-Philippe
11%
Qeqertalik – Qasigiannguit Skive
11%
Qeqertalik – Aasiaat Svendborg
11%
No matching quizzes found
Score Distribution
Percent of People with Each Score
Percentile by Number Answered
Your Score History
You have not taken this quiz